Economic systems of the Commonwealth / (Record no. 59917)
[ view plain ]
| 000 -LEADER | |
|---|---|
| fixed length control field | 01238nam a2200349 a 4500 |
| 001 - CONTROL NUMBER | |
| control field | 59917 |
| 003 - CONTROL NUMBER IDENTIFIER | |
| rucl marc code | BD-RjUL |
| 005 - DATE AND TIME OF LATEST TRANSACTION | |
| control field | 20211209080800.0 |
| 008 - FIXED-LENGTH DATA ELEMENTS--GENERAL INFORMATION | |
| fixed length control field | 161227s1962 enka b 001 0 eng |
| 035 ## - SYSTEM CONTROL NUMBER | |
| System control number | MITb10427416 |
| System control number | (BD-RjUL) 60041 |
| System control number | GLIS00427416 |
| 040 ## - CATALOGING SOURCE | |
| Original cataloging agency | DLC |
| Transcribing agency | WSU |
| Modifying agency | SER |
| -- | OCL |
| -- | BD-RjUL |
| Language of cataloging | eng |
| 041 ## - LANGUAGE CODE | |
| Language code of text/sound track or separate title | eng |
| 082 ## - DEWEY DECIMAL CLASSIFICATION NUMBER | |
| Edition number | 23 |
| Classification number | 330.942 |
| Author mark and year | HOE 1962 |
| 090 ## - LOCALLY ASSIGNED LC-TYPE CALL NUMBER (OCLC); LOCAL CALL NUMBER (OCLC) | |
| Classification number (OCLC) (R) ; Classification number, CALL (RLIN) (NR) | HC259 |
| Local cutter number (OCLC) ; Book number/undivided call number, CALL (RLIN) | .E19 |
| 099 ## - LOCAL FREE-TEXT CALL NUMBER (OCLC) | |
| Bangla Class number | HC259.E19 |
| 245 00 - TITLE STATEMENT | |
| Title | Economic systems of the Commonwealth / |
| Statement of responsibility, etc. | Calvin B. Hoover ... [et al.]. Edited by Calvin B. Hoover. |
| 260 ## - PUBLICATION, DISTRIBUTION, ETC. (IMPRINT) | |
| Place of publication, distribution, etc. | Durham, N.C., |
| Name of publisher, distributor, etc. | Published for the Duke University Commonwealth-Studies Center by Duke University Press, |
| Date of publication, distribution, etc. | 1962. |
| 300 ## - PHYSICAL DESCRIPTION | |
| Pagination | x, 538 p. : |
| Illustrations | ill. ; |
| Size | 24 cm. |
| 490 1# - SERIES STATEMENT | |
| Series statement | Duke University, Durham, N.C. Commonwealth-Studies Center. Publication |
| Volume/sequential designation | no. 16 |
| 500 ## - GENERAL NOTE | |
| General note | Include index. |
| 504 ## - BIBLIOGRAPHY, ETC. NOTE | |
| Bibliography, etc | Bibliographical footnotes. |
| 610 20 - SUBJECT ADDED ENTRY--CORPORATE NAME | |
| Corporate name or jurisdiction name as entry element | Commonwealth of Nations |
| 650 ## - SUBJECT ADDED ENTRY--TOPICAL TERM | |
| Source of heading or term | Economic history |
| Source of heading or term | Economic conditions. |
| 700 1# - ADDED ENTRY--PERSONAL NAME | |
| Personal name | Hoover, Calvin B. |
| Fuller form of name | (Calvin Bryce), |
| Dates associated with a name | 1897-1974. |
| 830 #0 - SERIES ADDED ENTRY--UNIFORM TITLE | |
| Uniform title | Publication (Duke University. Commonwealth-Studies Center) ; |
| Volume number/sequential designation | no. 16. |
| 942 ## - ADDED ENTRY ELEMENTS (KOHA) | |
| Source of classification or shelving scheme | Dewey Decimal Classification |
| Koha item type | Books |
| 949 ## - LOCAL PROCESSING INFORMATION (OCLC) | |
| a | MYGD |
| Lost status | Source of classification or shelving scheme | Damaged status | Not for loan | Collection code | Permanent Location | Current Location | Shelving location | Date acquired | Source of acquisition | Cost, normal purchase price | Total Checkouts | Full call number | Date last seen | Copy number | Koha item type |
|---|---|---|---|---|---|---|---|---|---|---|---|---|---|---|---|
| Dewey Decimal Classification | Not For Loan | Non-fiction | Central Library, University of Rajshahi | Central Library, University of Rajshahi | Reading Room | 07/04/1967 | Euro pakistan | 32.63 | 330.942 HOE 1962 | 27/12/2016 | C-1 | Books |